'Arthur' Theme Song Quiz Stats

 Plays Quiz Updated Jun 20, 2015

Challenge
Share
Tweet
Embed
Score 0/136 Timer 05:00
5 Plays Today
% Correct
a
97.3%
a
97.3%
a
97.3%
a
97.3%
a
97.3%
I
91.9%
I
91.9%
the
90.9%
the
90.8%
the
90.8%
the
90.8%
the
90.8%
the
90.8%
the
90.8%
day
88.6%
day.
88.6%
day.
88.6%
day
88.6%
day
88.5%
an
87.7%
you
87.7%
And
87.6%
and
87.6%
and
87.6%
and
87.6%
and
87.6%
And
87.6%
and
87.6%
and
87.6%
You
86.1%
HEY!
85.5%
HEY!
85.5%
HEY!
85.5%
HEY!
85.5%
to
85.3%
to
85.3%
to
85.3%
to
85.3%
to
85.3%
to
85.3%
of
85.2%
of
85.2%
of
85.2%
of
85.2%
of
85.2%
of
85.2%
% Correct
HEY!
85.1%
gotta
84.7%
What
83.5%
What
83.5%
What
83.5%
What
83.5%
wonderful
82.8%
wonderful
82.8%
wonderful
82.8%
wonderful
82.8%
when
78.6%
say
78.2%
say
78.2%
your
78%
your
78%
your
78%
street,
77.9%
street.
77.9%
play
77.7%
play
77.7%
kind
76.6%
kind
76.6%
kind
76.6%
kind
76.6%
get
76%
Get
76%
get
76%
with
74.6%
with
74.6%
that
74%
each
73.9%
each
73.9%
other.
73.7%
other.
73.7%
down
73%
along
71.8%
along
71.8%
walking
71.4%
Every
71.1%
learn
69.7%
learn
69.7%
we
69.5%
we
69.5%
it
68.5%
you're
66.3%
work
66.3%
% Correct
work
66.3%
meet
65.7%
heart,
65.6%
heart.
65.6%
in
65%
listen
64.6%
listen
64.6%
listen
64.6%
beat,
63.2%
rhythm,
60.2%
rhythm
60.2%
It's
59.6%
everybody
59.4%
from
57.1%
up
55.6%
up
55.6%
has
54.7%
comes
53.1%
start.
52.9%
Believe
52.5%
together
52.5%
together.
52.5%
yourself,
51.8%
point
51.6%
Open
51.3%
Open
51.3%
view.
51.3%
message,
51.2%
simple
50.9%
place
50.2%
eyes.
49.6%
that's
48.2%
original
47.7%
make
46.9%
ears.
45.9%
by
45.9%
better
45.6%
working
45.2%
things
44.9%
could
31.5%
could
31.5%
if
30.6%
If
30.6%
well
28.9%

You're not logged in!

Compare scores with friends on all Sporcle quizzes.
OR
Log In

You Might Also Like...

Show Comments

Extras

Top Quizzes Today


Score Distribution

Your Account Isn't Verified!

In order to create a playlist on Sporcle, you need to verify the email address you used during registration. Go to your Sporcle Settings to finish the process.

Report this User

Report this user for behavior that violates our Community Guidelines.

Details: